| 000 | 02673nam a2200565Ia 4500 | ||
|---|---|---|---|
| 003 | GCL | ||
| 008 | 140319s9999 xx 000 0 ara d | ||
| 040 |
_aGCL / _cGCL |
||
| 082 | 0 | 4 |
_aم _b091.1 _bم ف |
| 100 | 1 | _aمصطفى احمد الباز | |
| 245 | 1 | 0 |
_aفهارس المكتبات الخطية النادرة / _cمصطفى احمد الباز |
| 700 | 1 | _aفهمى ادهم كارتاى | |
| 700 | 1 | _aدى برسيل | |
| 700 | 1 | _aدى لوجير | |
| 300 | _a96 جزء | ||
| 490 |
_aمغامرات ظريف _v0 |
||
| 650 | 0 | 4 | _aالمخطوطات |
| 650 | 0 | 4 | _aالفهارس |
| 650 | 0 | 4 | _aالمكتبات |
| 650 | 0 | 4 | _aجامع الزيتونة |
| 650 | 0 | 4 | _aالمجموعات النادرة |
| 650 | 0 | 4 | _aفهرست المخطوطات العربية الموجو |
| 650 | 0 | 4 | _aمخطوطات افغانستان |
| 650 | 0 | 4 | _aفهرست المخطوطات العربية الملكي |
| 650 | 0 | 4 | _aالمكتبة الدوقية بغوتا- المانيا |
| 650 | 0 | 4 | _aالمكتبة الجامعية الملكية فى تو |
| 650 | 0 | 4 | _aفهرست المخطوطات الشرقية بمكتبة |
| 650 | 0 | 4 | _aقائمة المخطوطات العربية فى مكت |
| 650 | 0 | 4 | _aفهرست المخطوطات الشرقية فى جام |
| 650 | 0 | 4 | _aملحق فان لفهرس المخطوطات الاسل |
| 650 | 0 | 4 | _aقائمة وصفية للمخطوطات التى اقت |
| 650 | 0 | 4 | _aفهرست المخطوطات العربية فى قيص |
| 650 | 0 | 4 | _aكتبخانة عمومى دفتر مكتبة ابراه |
| 650 | 0 | 4 | _aفهرس المخطوطات فى مكتبة الاحمد |
| 650 | 0 | 4 | _aالدفتر القديم: دفتر المكتبة ال |
| 650 | 0 | 4 | _aفهرست الكتب الموجودة بالمكتبة |
| 650 | 0 | 4 | _aفهرس المخطوطات العربية والتركي |
| 650 | 0 | 4 | _aالمكتبة الوطنية فهرس المخطوطات |
| 650 | 0 | 4 | _aقائمة لنوادر النخطوطات العربية |
| 650 | 0 | 4 | _aالمخطوطات العربية والفارسية |
| 650 | 0 | 4 | _aفهرس المخطوطات العربية بوهار-ا |
| 650 | 0 | 4 | _aفهرس المخطوطات العربية امستردا |
| 650 | 0 | 4 | _aالمختار من المخطوطات العربية |
| 650 | 0 | 4 | _aالمخطوطات العربية فى الدنيا |
| 650 | 0 | 4 | _aالمخطوطات العربية والاسلامية |
| 650 | 0 | 4 | _aفهرست وصفى للمخطوطات العربية ف |
| 650 | 0 | 4 | _aالمخطوطات والاشرطة السواحلية |
| 650 | 0 | 4 | _aفهرست المخطوطات العربية التركي |
| 942 |
_2ddc _cREF |
||
| 999 |
_c59610 _d59610 |
||